Statistics for There, Their, or They're

Click here to take the quiz!

General Stats

  • This quiz has been taken 65 times
  • The average score is 17 of 20

Answer Stats

QuestionAnswer% Correct
Do they want sugar with ____ tea?Their
100%
I don't think ____ is any sugar left in the cupboard.There
100%
Well then, ____ just going to have to go without sugar.They're
98%
Kids these days with ____ phones.Their
98%
____ is absolutely no way I'm getting on that rollercoaster.There
98%
They usually have ____ lunch at 1pm.Their
97%
Is ____ any point in continuing?There
97%
They made ____ bed, they can lie in it.Their
97%
I've spoken to them and ____ not happy.They're
95%
No ____ not!They're
91%
____ in for a shock.They're
90%
____ house is over there.Their
90%
They're going over ____ answers.Their
90%
If you take them all ____'ll be none left for anyone else.There
81%
They're out of ____ minds.Their
78%
The moon is full, therefore ____ is a spring tide.There
72%
____ treading on dangerous ground over there.They're
60%
They're going to love ____ presents.Their
53%
They're going ____ for the week.There
43%
There's no way ____ going to finish their tasks.They're
36%

Score Distribution

Percentile by Number Answered

Percent of People with Each Score

Your Score History

You have not taken this quiz